000 00876nam a2200217 4500
001 140639
003 ES-MaACL
005 20231229180524.0
007 t|
008 070214s1985 sp r ||||1| spa d
100 1 _aSeco Santos, Esperanza.
_9105053
245 1 0 _aHistoria de las traducciones literarias del italiano al español durante el Siglo de Oro
_b: influencias /
_cEsperanza Seco Santos.
260 _aMadrid :
_bUniversidad Complutense. Departamento de Literatura Hispánica. Facultad de Filología. Servicio de Reprografía,
_c1985.
300 _a760 p. :
_bil. ;
_c21 cm.
490 1 _aTesis doctorales ;
_v71-85
500 _aes un ejemplar fotocopiado.
710 2 0 _aUniversidad Complutense de Madrid.
_bFacultad de Filología
_97120
830 0 _aTesis doctorales ;
_v71-85
_9177408
852 _aES-MaACL
_jG-7080
_bR.114968
999 _c140639
_d140639